[Event "Chinese Chess League 2019"]
[Site "Shen Yang"]
[Date "2019.12.05"]
[Round "20.19"]
[White "Zhao, Shengxin"]
[Black "Javakhishvili, Lela"]
[Result "1/2-1/2"]
[WhiteElo "2099"]
[BlackElo "2457"]
[Annotator "TA"]
[PlyCount "118"]
[EventDate "2019.04.09"]
[EventType "team-tourn"]
[EventCountry "CHN"]
[SourceTitle "playchess.com"]
[Source "ChessBase"]
[SourceQuality "1"]

{[%evp 15,118,20,15,11,18,25,11,32,49,0,0,0,43,52,35,8,0,0,0,-11,-7,-37,-32,-31,0,-20,-15,-27,0,-66,-66,-61,-14,-8,-12,-13,0,0,16,0,0,-7,0,0,0,0,0,0,0,-13,-8,-8,-13,-13,0,0,0,0,10,18,11,12,22,12,13,16,69,72,90,0,0,0,0,0,0,0,110,0,110,0,110,110,110,0,110,0,0,0,0,0,0,0,0,0,0,0,0,0,0,0,0,0,0,0,0]} 1. d4 Nf6 2. c4 e6 3. g3 c5 4. Nf3 cxd4 5. Nxd4 Qb6 6. Bg2 Bc5 7. e3 Nc6 8. Nb3 Bb4+ 9. Bd2 {A32: Symmetrical English: 2 Nf3 Nf6 3 d4 cxd4 4 Nxd4 e6} Ne5 10. Qe2 d5 11. cxd5 exd5 12. O-O Bg4 13. f3 {[#]} Be6 $146 ({Predecessor:} 13... Bf5 14. Bxb4 Qxb4 15. Rd1 O-O 16. Nc3 Rad8 {½-½ (31) Fridman,D (2596)-Ruck,R (2561) Tallinn 2016}) 14. Bxb4 Qxb4 15. Qd2 Qb6 16. Qd4 Nc4 17. Re1 Qxd4 18. exd4 b6 19. Re2 Kd7 20. a4 Bf5 21. Nc3 Rhe8 22. a5 (22. Rf2 $11) 22... Rxe2 $15 23. Nxe2 {White wants to play axb6.} Re8 (23... Bc2 $5 {[%cal Rc2b3]} 24. Nec1 Re8 25. axb6 axb6 $15) 24. axb6 axb6 25. Ra7+ Kc6 26. Nbc1 Nd7 27. b3 Nd6 28. g4 $132 {[%mdl 2048] White is not holding back} Nb5 29. Ra2 Bg6 30. Kf2 h5 31. gxh5 Bxh5 32. Nf4 Nf6 33. Nce2 g5 34. Nd3 Kb7 35. Nb4 Bg6 36. f4 gxf4 37. Nxd5 Nxd5 38. Bxd5+ Kc7 39. Bc4 Nd6 40. Nxf4 {Black should prevent Nd5+.} Nxc4 (40... Re4 $11 41. Nxg6 fxg6) 41. bxc4 $14 Re4 42. Nxg6 (42. Nd5+ $16 Kc6 43. Rd2) 42... fxg6 $16 {[%mdl 4096] Endgame KR-KR} 43. Rd2 Kd6 44. Kf3 Rh4 45. Ke3 {Rg2 is the strong threat.} g5 {[#]} (45... Rh3+ $11 46. Kf4 Rc3) 46. Rb2 ({Only move:} 46. Rg2 $1 $16) 46... Kc6 (46... Rh3+ $11 {keeps the balance.} 47. Ke4 Rh4+ 48. Kf5 Rxd4) 47. Rg2 (47. Rf2 $16) 47... Kd6 (47... Rh3+ $11 {remains equal.} 48. Ke4 Rh4+ 49. Ke5 Rh5) 48. Kd3 Rh3+ 49. Ke4 (49. Rg3 $16 Rh5 50. Kc3) 49... Rh4+ {[#]} (49... Rc3 $1 $11) 50. Kf5 (50. Ke3 $1 $16) 50... Rxd4 $11 {The position is equal.} 51. Kxg5 {And now Rg4 would win.} Rxc4 52. h4 Ke7 53. Rf2 Rc8 54. h5 Rf8 55. Rb2 Kf7 56. Rxb6 Kg8 57. Kg6 Rc8 58. Rd6 Kh8 59. h6 Ra8 {Accuracy: White = 57%, Black = 54%.} 1/2-1/2

[Event "Chinese Chess League 2019"]
[Site "Shen Yang"]
[Date "2019.12.05"]
[Round "20.20"]
[White "Zhou, Zirun"]
[Black "Huang, Qian"]
[Result "1/2-1/2"]
[WhiteElo "2121"]
[BlackElo "2427"]
[Annotator "RC"]
[PlyCount "127"]
[EventDate "2019.04.09"]
[EventType "team-tourn"]
[EventCountry "CHN"]
[SourceTitle "playchess.com"]
[Source "ChessBase"]
[SourceQuality "1"]
[TimeControl "5400+30"]

1. d4 {[%emt 0:00:00]} d5 {[%emt 0:04:12]} 2. c4 {[%emt 0:00:00]} c6 {[%emt 0:00:04]} 3. Nc3 {[%emt 0:00:05]} Nf6 {[%emt 0:00:07]} 4. Nf3 {[%emt 0:00:08]} e6 {[%emt 0:00:18]} 5. e3 {[%emt 0:04:18]} a6 {[%emt 0:00:23]} 6. c5 {[%emt 0:10:53]} Nbd7 {[%emt 0:00:56]} 7. Bd2 {[%emt 0:02:09]} b6 {[%emt 0:04:01]} 8. cxb6 {[%emt 0:02:55]} Qxb6 {[%emt 0:00:32]} 9. Na4 {[%emt 0:00:42]} Qa7 {[%emt 0:02:37]} 10. Bd3 {[%emt 0:03:31]} a5 {[%emt 0:03:23]} 11. Rc1 {[%emt 0:04:37]} Ba6 {[%emt 0:12:20]} 12. Bxa6 {[%emt 0:04:09]} Qxa6 {[%emt 0:00:09]} 13. Qe2 {[%emt 0:00:17]} Qb7 {[%emt 0:17:35]} 14. O-O {[%emt 0:02:50]} Ne4 {[%emt 0:01:46]} 15. Rc2 {[%emt 0:04:31]} Nxd2 {[%emt 0:25:02]} 16. Nxd2 {[%emt 0:00:40]} Qb4 {[%emt 0:00:27]} 17. b3 {[%emt 0:01:04]} Qb7 {[%emt 0:03:28]} 18. Rfc1 {[%emt 0:01:19]} Ba3 {[%emt 0:01:11]} 19. Rd1 {[%emt 0:00:23]} O-O {[%emt 0:00:24]} 20. f4 {[%emt 0:04:05]} Rfc8 {[%emt 0:03:28]} 21. Nb1 {[%emt 0:02:23]} Be7 {[%emt 0:00:47]} 22. Rdc1 {[%emt 0:01:24]} Rc7 {[%emt 0:01:05]} 23. Kh1 {[%emt 0:09:33]} Rac8 {[%emt 0:00:22]} 24. e4 {[%emt 0:00:36]} Nf6 {[%emt 0:04:41]} 25. Nd2 {[%emt 0:00:32]} Ba3 {[%emt 0:01:45]} 26. Nc5 {[%emt 0:00:18]} Bxc5 {[%emt 0:03:59]} 27. Rxc5 {[%emt 0:00:14]} Qb4 {[%emt 0:00:17]} 28. Qd3 {[%emt 0:03:42]} a4 {[%emt 0:02:36]} 29. exd5 {[%emt 0:04:29]} exd5 {[%emt 0:00:12]} 30. Qc3 {[%emt 0:00:50]} Qxc3 {[%emt 0:00:50]} 31. R5xc3 {[%emt 0:00:10]} axb3 {[%emt 0:00:07]} 32. axb3 {[%emt 0:00:09]} Kf8 {[%emt 0:00:28]} 33. h3 {[%emt 0:05:48]} Ke7 {[%emt 0:00:28]} 34. Kg1 {[%emt 0:02:44]} Kd6 {[%emt 0:00:11]} 35. Kf2 {[%emt 0:00:06]} Re8 {[%emt 0:02:39]} 36. Re3 {[%emt 0:04:39]} Rb8 {[%emt 0:00:46]} 37. Rec3 {[%emt 0:00:41]} Re8 {[%emt 0:00:53]} 38. Re3 {[%emt 0:00:11]} Ra8 {[%emt 0:02:51]} 39. Rec3 {[%emt 0:00:57]} Rb8 {[%emt 0:00:55]} 40. g4 {[%emt 0:03:43]} Re8 {[%emt 0:00:09]} 41. Re3 {[%emt 0:00:31]} Rxe3 {[%emt 0:00:15]} 42. Kxe3 {[%emt 0:00:04]} Ra7 {[%emt 0:01:11]} 43. Kd3 {[%emt 0:00:33]} Nd7 {[%emt 0:00:08]} 44. Re1 {[%emt 0:01:17]} c5 {[%emt 0:00:28]} 45. Re8 {[%emt 0:00:50]} cxd4 {[%emt 0:00:16]} 46. Rh8 {[%emt 0:01:37]} h6 {[%emt 0:00:20]} 47. Kxd4 {[%emt 0:00:43]} Ra2 {[%emt 0:01:32]} 48. Nf3 {[%emt 0:00:41]} Rb2 {[%emt 0:00:39]} 49. Ne5 {[%emt 0:00:41]} Nxe5 {[%emt 0:00:37]} 50. fxe5+ {[%emt 0:00:06]} Ke7 {[%emt 0:00:32]} 51. Kxd5 {[%emt 0:02:02]} Rxb3 {[%emt 0:00:05]} 52. h4 {[%emt 0:00:14]} f6 {[%emt 0:00:59]} 53. exf6+ {[%emt 0:02:21]} Kxf6 {[%emt 0:00:01]} 54. Rf8+ {[%emt 0:00:08]} Kg6 {[%emt 0:00:12]} 55. Rf5 {[%emt 0:00:09]} Rb5+ {[%emt 0:00:33]} 56. Ke6 {[%emt 0:00:16]} Rb4 {[%emt 0:00:16]} 57. h5+ {[%emt 0:00:14]} Kh7 {[%emt 0:00:04]} 58. g5 {[%emt 0:00:24]} hxg5 {[%emt 0:00:03]} 59. Rxg5 {[%emt 0:00:04]} Rb6+ {[%emt 0:00:39]} 60. Kf5 {[%emt 0:01:07]} Kh6 {[%emt 0:01:05]} 61. Rg6+ {[%emt 0:00:23]} Rxg6 {[%emt 0:00:06]} 62. hxg6 {[%emt 0:00:04]} Kh5 {[%emt 0:00:03]} 63. Kf4 {[%emt 0:00:04]} Kxg6 {[%emt 0:01:45]} 64. Ke4 {[%emt 0:00:07]} 1/2-1/2

[Event "Chinese Chess League 2019"]
[Site "Shen Yang"]
[Date "2019.12.05"]
[Round "20.21"]
[White "Zeng, Chongsheng"]
[Black "Harikrishna, Pentala"]
[Result "1-0"]
[WhiteElo "2544"]
[BlackElo "2724"]
[Annotator "TA"]
[PlyCount "73"]
[EventDate "2019.04.09"]
[EventType "team-tourn"]
[EventCountry "CHN"]
[SourceTitle "playchess.com"]
[Source "ChessBase"]
[SourceQuality "1"]

{[%evp 18,73,53,40,55,45,50,48,41,29,40,19,63,14,14,16,10,12,61,56,220,219,220,220,220,215,220,208,239,239,220,223,223,227,839,841,931,391,379,387,375,375,1115,355,5343,389,377,369,471,453,702,689,694,652,760,764,29996,29997]} 1. c4 e6 2. Nf3 d5 3. g3 Nf6 4. Bg2 Be7 5. O-O O-O 6. d4 dxc4 7. Ne5 c5 8. dxc5 Qc7 9. Nxc4 Qxc5 10. b3 Rd8 {E05: Open Catalan: 5 Nf3 Be7} 11. Nbd2 Qc7 12. Bb2 Nc6 {White is slightly better.} 13. Rc1 Bd7 14. e4 Ne8 15. e5 {With the idea Qh5.} Nb4 $1 {[#]} 16. Nd6 $146 ({Predecessor:} 16. Qh5 g6 17. Qf3 Bc6 18. Ne4 {½-½ (27) Brunsek,I (2610)-Riccio,E (2606) ICCF email 2011}) 16... Bc6 $1 17. N2e4 f5 18. Nc5 $36 {[%mdl 2048] White is pushing.} Bxg2 $2 (18... Bxd6 $14 19. Nxe6 {[%mdl 64] Double Attack} (19. exd6 Rxd6 20. Qe2 Bxg2 $17) 19... Bxe5) 19. Nxe6 $18 {[%mdl 64] Discovered Attack} ({Weaker is} 19. Kxg2 Qc6+ 20. Nce4 Qxe4+ 21. Nxe4 Rxd1 $11) 19... Qd7 20. Nxd8 {Strongly threatening Ba3.} Bxf1 21. Qxf1 {Intending Qc4+ and mate.} Nxd6 22. exd6 {Threatening mate with Qc4+.} Qxd6 23. Rd1 $1 {[%cal Rd1d6]} ({But not} 23. Nxb7 $6 Qd5 $16) 23... Qc7 24. Ne6 {[%mdl 64] Double Attack} Qc2 25. Bxg7 Qxa2 $2 (25... Re8 26. Nd4 Qc8) 26. Rd7 {[%mdl 64] Double Attack} Nc6 27. Nd4 (27. Qd3 $142 Rc8 28. Qxf5) 27... Re8 28. Nxf5 {[%cal Rf1c4]} Qc2 29. Qb5 {[%cal Rb5d5]} Qe4 $2 {[#]} (29... Qb1+ 30. Kg2 Qe4+ 31. f3 a6 32. fxe4 axb5 33. Rxb7 b4) 30. Rxb7 $2 (30. Rd4 $1 {[%mdl 512] White wants to mate with Qc4+.} Qe1+ (30... Nxd4 31. Qxe8+) 31. Kg2) 30... Bg5 $2 {[#]} (30... a6 31. Qc4+ (31. Qxa6 Qb1+ 32. Kg2 Qe4+ 33. Kg1 Qb1+ 34. Kg2 Qe4+ 35. Kg1 $11) 31... Qxc4 32. bxc4 h5) 31. Qc4+ $2 (31. Nd6 $1 Qg6 32. Qxc6 Re1+ 33. Kg2) 31... Qxc4 32. bxc4 Re1+ 33. Kg2 a5 (33... Ne7 $142 34. Bc3 Rc1 35. Rb8+ Kf7 36. Nd6+ Kg6) 34. Bc3 Rc1 35. Bb2 Rc2 36. Rg7+ Kh8 37. Rxg5+ {Accuracy: White = 61%, Black = 37%.} 1-0

[Event "Chinese Chess League 2019"]
[Site "Shen Yang"]
[Date "2019.12.05"]
[Round "20.22"]
[White "Andreikin, Dmitry"]
[Black "Xu, Yi"]
[Result "1-0"]
[WhiteElo "2733"]
[BlackElo "2541"]
[Annotator "TA"]
[PlyCount "63"]
[EventDate "2019.04.09"]
[EventType "team-tourn"]
[EventCountry "CHN"]
[SourceTitle "playchess.com"]
[Source "ChessBase"]
[SourceQuality "1"]

{[%evp 9,63,14,33,19,25,27,16,13,19,10,20,17,36,29,40,37,31,35,47,24,43,28,42,35,37,-9,-6,0,27,15,45,20,27,19,19,8,25,23,20,20,30,22,29,27,33,0,0,0,0,0,1320,1290,1269,1269,1084,1010]} 1. e4 e5 2. Nf3 Nf6 3. Nxe5 d6 4. Nf3 Nxe4 5. Bd3 Nf6 6. O-O {C42: Petroff Defence: 3 Nxe5 and unusual White 3rd moves} Be7 7. c3 O-O 8. Bc2 {The position is equal.} Re8 (8... Bg4 9. d4 Re8 10. Bf4 d5 11. Nbd2 Bd6 12. Bg5 Nbd7 13. Qb1 h6 {½-½ (54) Aronian,L (2765)-Mamedyarov,S (2764) Saint Louis 2019}) 9. d4 Nbd7 10. Re1 $146 ({Predecessor:} 10. Nbd2 Nf8 11. Re1 Ng6 12. Nf1 Bf8 13. h3 c6 {1-0 (61) Kosteniuk,A (2546)-Zatonskih,A (2424) chess.com INT 2019}) 10... b6 11. c4 Bb7 12. Nc3 Bf8 13. Rxe8 Qxe8 14. Bf4 g6 15. d5 Bg7 16. Qd2 a6 17. Bh6 Bxh6 18. Qxh6 Qf8 (18... b5 {looks sharper.} 19. b3 Ne5 20. Nd2 Ned7 21. Nf3) 19. Qd2 (19. Qh4 {feels hotter.} Re8 20. Rd1 Bc8 21. Nd4 Qe7 22. g3) 19... Re8 20. h3 Ne5 21. Nxe5 Rxe5 22. b4 Qe8 23. Rf1 Bc8 24. f4 Re7 25. Rf3 Bf5 26. Bxf5 gxf5 27. Kh2 {[#] Threatens to win with Rg3+.} Re1 $1 28. Qd3 Ne4 29. Qd4 f6 $2 {[%mdl 8192]} (29... Qe7 $11) 30. Nxe4 $18 {White is clearly winning.} fxe4 31. Rg3+ Kf7 32. Qd2 {Accuracy: White = 55%, Black = 44%.} 1-0

[Event "Chinese Chess League 2019"]
[Site "Shen Yang"]
[Date "2019.12.05"]
[Round "20.23"]
[White "Zhou, Weiqi"]
[Black "Ni, Hua"]
[Result "1/2-1/2"]
[WhiteElo "2587"]
[BlackElo "2672"]
[Annotator "TA"]
[PlyCount "61"]
[EventDate "2019.04.09"]
[EventType "team-tourn"]
[EventCountry "CHN"]
[SourceTitle "playchess.com"]
[Source "ChessBase"]
[SourceQuality "1"]

{[%evp 16,61,16,20,23,14,15,26,12,9,20,0,0,0,0,0,0,-11,-7,-12,0,0,0,0,0,0,0,-8,0,0,0,0,0,0,0,0,0,0,0,0,0,0,0,0,0,0,7,7]} 1. d4 d5 2. c4 c6 3. Nf3 Nf6 4. e3 Bg4 5. h3 Bxf3 6. Qxf3 e6 7. Bd3 Nbd7 8. O-O Bd6 9. Nc3 O-O {D11: Slav Defence: 3 Nf3 sidelines and 3...Nf6 4 e3 Bg4} 10. e4 (10. Rd1 Qe7 11. Qe2 dxc4 12. Bxc4 e5 13. dxe5 Nxe5 14. Bb3 Ng6 15. Bd2 Rfe8 16. Be1 Qe5 17. g3 {½-½ (55) Bocharov,D (2611)-Vitiugov,N (2721) Sochi 2016}) 10... dxe4 11. Nxe4 Nxe4 {White has an edge.} 12. Bxe4 {The position is equal.} Nf6 13. Bg5 h6 $146 ({Predecessor:} 13... Be7 14. Rfd1 Nxe4 15. Bxe7 Qxe7 16. Qxe4 Qb4 17. Qc2 {½-½ (17) Bue,G-Bokelmann,J (2080) Gausdal 1998}) 14. Bxf6 Qxf6 15. Qxf6 gxf6 16. d5 f5 17. Bd3 cxd5 18. cxd5 Kg7 19. Rad1 Rad8 20. dxe6 fxe6 21. Be2 Bc5 22. Rxd8 Rxd8 23. Rd1 Rxd1+ 24. Bxd1 $11 {[%mdl 4096] Endgame KB-KB} Kf6 25. Kf1 Bd4 26. b3 a5 27. Be2 b6 28. Bc4 e5 29. Ke2 e4 30. f3 exf3+ 31. Kxf3 {Accuracy: White = 67%, Black = 63%.} 1/2-1/2

[Event "Chinese Chess League 2019"]
[Site "Shen Yang"]
[Date "2019.12.05"]
[Round "20.24"]
[White "Ju, Wenjun"]
[Black "Tan, Zhongyi"]
[Result "1-0"]
[WhiteElo "2586"]
[BlackElo "2504"]
[Annotator "TA"]
[PlyCount "131"]
[EventDate "2019.04.09"]
[EventType "team-tourn"]
[EventCountry "CHN"]
[SourceTitle "playchess.com"]
[Source "ChessBase"]
[SourceQuality "1"]

{[%evp 21,131,14,7,10,11,6,6,6,7,8,8,7,14,0,0,0,35,35,34,18,15,17,39,21,26,20,10,10,19,8,20,17,20,10,42,42,42,39,50,47,178,190,174,134,138,133,298,296,301,297,304,306,364,363,350,347,292,216,212,201,181,189,241,212,383,288,300,268,389,275,292,272,481,487,487,465,484,477,430,452,476,433,459,473,479,481,455,473,466,445,669,664,790,625,1273,1129,1177,1142,1439,1441,1442,1410,1270,1111,1310,1134,29981,29982,29986,29987,29989,29983]} 1. d4 d5 2. c4 e6 3. Nf3 Nf6 4. g3 Be7 5. Bg2 O-O 6. O-O dxc4 7. Qc2 a6 8. a4 Bd7 9. Qxc4 Bc6 10. Bg5 Nbd7 11. Nc3 h6 12. Bxf6 {E05: Open Catalan: 5 Nf3 Be7} Nxf6 13. a5 (13. Rfd1 Bd5 14. Qd3 Bxf3 15. Bxf3 c6 16. e3 a5 17. h4 h5 18. e4 g6 19. Qe3 Re8 {1-0 (47) Grischuk,A (2759)-Dominguez Perez,L (2763) Khanty-Mansiysk 2019}) 13... Bd5 14. Qd3 {The position is equal.} Bxf3 15. Bxf3 c6 16. Qc4 Qd6 $146 ({Predecessor:} 16... Ne8 17. Rfd1 Nd6 18. Qb3 Qc7 19. Kg2 Rad8 {1-0 (47) Kozul,Z (2594)-Jovanic,O (2427) Zagreb 2016}) 17. e3 Rfd8 18. Rfd1 Rd7 19. Na4 {[%cal Bc3a4,Ba4b6,Bb6c4][%mdl 32] Strongly threatening Nb6.} Rb8 20. Nb6 Rdd8 21. Qc2 g6 22. Nc4 Qc7 23. Qb3 Ne8 {[%cal Bf6e8,Be8d6,Bd6c8][%mdl 32]} 24. Kg2 Bf6 25. Nb6 Nd6 26. Rac1 Qe7 27. Be2 Nc8 28. Na4 Qc7 29. Qc3 Rd5 30. b4 e5 ({Black should play} 30... Rd8 $14) 31. Qb3 $18 {[#] Threatens to win with Qxd5!} Qe7 {[%cal Re5d4]} 32. Bc4 Rd6 {[%cal Re5d4]} 33. d5 b5 $2 (33... cxd5 $16 34. Bxd5 Rd8) 34. axb6 $1 {[%mdl 64] Discovered Attack} cxd5 35. Bxd5 {b7 is the strong threat.} ({Worse is} 35. Bxa6 Nxb6 36. Nxb6 Rdxb6 $11) ({Less strong is} 35. Rxd5 Rxd5 36. Bxd5 Nxb6 $16) 35... Nxb6 {[#]} 36. Bxf7+ $1 {[%mdl 576] Deflection} Qxf7 37. Qxf7+ Kxf7 38. Rxd6 Nxa4 39. Rc7+ Be7 40. Rxa6 Nb6 41. e4 h5 (41... Ke8 {was necessary.} 42. b5 Bf8) 42. h4 Nc8 $2 (42... Kf8 43. b5 Kf7) 43. b5 Nb6 44. Kg1 Nc8 (44... Kf8 $142 45. Kh2 Ke8) 45. Kf1 Nb6 46. Ke2 Nc8 $2 (46... Kf8 {keeps fighting.} 47. Kf3 Ke8) 47. Kf3 Nb6 48. Raa7 Nc8 49. Rcb7 Rxb7 50. Rxb7 Ke8 51. Rc7 Nd6 52. b6 Bd8 53. Rg7 Bxb6 54. Rxg6 Ke7 55. Rh6 Ba5 (55... Nc4 $142 56. Rxh5 Bd4) 56. Rxh5 Nf7 57. Rf5 Ke6 58. g4 Nd6 59. Rf8 Ke7 60. Ra8 Bd2 61. g5 Bf4 62. Ra4 Nb5 63. Kg4 Kf7 64. h5 {White mates.} Nc3 65. Rc4 Nd1 66. Rc2 {Accuracy: White = 81%, Black = 41%.} 1-0

[Event "Chinese Chess League 2019"]
[Site "Shen Yang"]
[Date "2019.12.05"]
[Round "20.25"]
[White "Ni, Shiqun"]
[Black "Lei, Tingjie"]
[Result "0-1"]
[WhiteElo "2391"]
[BlackElo "2485"]
[Annotator "TA"]
[PlyCount "50"]
[EventDate "2019.04.09"]
[EventType "team-tourn"]
[EventCountry "CHN"]
[SourceTitle "playchess.com"]
[Source "ChessBase"]
[SourceQuality "1"]

{[%evp 18,50,24,10,34,33,29,30,33,30,62,55,42,59,52,50,52,51,45,-125,-134,-185,-181,-400,-398,-448,-449,-447,-436,-441,-440,-1230,-1230,-1087,-1106]} 1. e4 e5 2. Nf3 Nf6 3. Nxe5 d6 4. Nf3 Nxe4 5. d4 d5 6. Bd3 Bd6 7. O-O O-O 8. c4 c6 9. Re1 Bf5 10. Qb3 Qd7 {C42: Petroff Defence: 3 Nxe5 and unusual White 3rd moves} 11. Nc3 Nxc3 12. Bxf5 {[%mdl 64] Overworked Piece} Qxf5 {White has an edge.} 13. Qxb7 Ne4 {With the idea ...Nd7.} 14. Qxa8 Qd7 $1 15. cxd5 {Strongly threatening Bf4.} Nf6 16. Re3 $1 {[%cal Re3b3] Black must now prevent Rb3.} Nxd5 17. Rb3 $1 {[%cal Rb3b7] And now Rb7 would win.} Nb4 {[#]} 18. Ne5 $146 {[#]} (18. Rxb4 $1 $14 {keeps the upper hand.} Bxb4 19. Be3) ({Predecessor:} 18. Rxb4 Bxb4 {½-½ (73) Karjakin,S (2781)-Caruana,F (2808) Stavanger 2017}) 18... Qc7 $1 $17 {aiming for ...N8a6.} 19. a3 {[#]} (19. Rxb4 $17 {was called for.} Bxb4 20. Bf4) 19... Nc2 $1 $19 {[%cal Rc2a1]} 20. Rb1 $2 (20. Qb7 {keeps fighting.} Nxa1 21. Qxc7 Bxc7 22. Rc3) 20... Nxd4 21. Rb7 Qa5 {[%cal Ra5e1] Black is clearly winning.} 22. Bf4 Ne2+ ({Less strong is} 22... Bxe5 23. b4 $15) 23. Kh1 Nxf4 24. Nc4 (24. Rxb8 $142 Rxb8 25. Nxc6 Rxa8 26. Nxa5) 24... Qg5 {[%csl Gf4][%cal Rg5g2]} 25. Ne3 Nd3 {Accuracy: White = 32%, Black = 76%.} 0-1

[Event "Chinese Chess League 2019"]
[Site "Shen Yang"]
[Date "2019.12.05"]
[Round "20.26"]
[White "Ma, Qun"]
[Black "Malakhov, Vladimir"]
[Result "1/2-1/2"]
[WhiteElo "2629"]
[BlackElo "2665"]
[Annotator "TA"]
[PlyCount "62"]
[EventDate "2019.04.09"]
[EventType "team-tourn"]
[EventCountry "CHN"]
[SourceTitle "playchess.com"]
[Source "ChessBase"]
[SourceQuality "1"]

{[%evp 20,62,20,16,22,25,25,27,35,35,28,22,29,24,24,19,27,19,27,24,34,9,25,7,11,8,25,21,27,27,27,11,16,0,0,0,0,0,0,0,0,0,0,0,0]} 1. e4 e5 2. Nf3 Nc6 3. Bb5 Nf6 4. O-O Nxe4 5. Re1 Nd6 6. Nxe5 Be7 7. Bf1 Nxe5 8. Rxe5 O-O 9. d4 Bf6 10. Re1 Nf5 11. c3 d5 {C67: Ruy Lopez: Berlin Defence: 4 0-0 Nxe4} 12. Nd2 c6 13. Nf3 Nh4 {White has an edge.} 14. Nxh4 Bxh4 15. Bd3 Re8 16. Rxe8+ Qxe8 {[#]} 17. Bd2 $146 {[#] Black must now prevent Qh5.} ({Predecessor:} 17. Bf4 Bf6 18. Qd2 Be6 19. Re1 {½-½ (31) Zhigalko,S (2606)-Malakhov,V (2691) Brest 2018}) 17... Bf6 18. Qf3 Be6 19. Re1 Qd7 20. Qg3 Re8 21. Bg5 Bxg5 22. Qxg5 Qd8 23. Qf4 Bd7 24. Rxe8+ Bxe8 25. f3 f6 {The position is equal.} 26. b4 (26. Qg3 {looks sharper.} b6 27. h4 c5 28. Kf2 a5 29. a3) 26... Bg6 27. Bxg6 hxg6 28. h4 a5 29. a3 axb4 30. axb4 Qa8 31. Qe3 Qa1+ {Accuracy: White = 44%, Black = 59%.} 1/2-1/2

[Event "Chinese Chess League 2019"]
[Site "Shen Yang"]
[Date "2019.12.05"]
[Round "20.27"]
[White "Jakovenko, Dmitry"]
[Black "Wang, Yue"]
[Result "1/2-1/2"]
[WhiteElo "2691"]
[BlackElo "2677"]
[Annotator "TA"]
[PlyCount "72"]
[EventDate "2019.04.09"]
[EventType "team-tourn"]
[EventCountry "CHN"]
[SourceTitle "playchess.com"]
[Source "ChessBase"]
[SourceQuality "1"]

{[%evp 18,72,29,33,57,55,75,49,30,-2,27,26,41,18,12,0,0,-8,0,-13,0,-8,-6,-7,-8,-24,-19,-19,-12,-24,-18,-22,-7,-35,-21,-28,-21,-21,-21,-21,-21,-21,-28,-31,-10,-16,0,0,0,0,0,0,0,0,0,0,0]} 1. e4 e5 2. Nf3 Nf6 3. Nxe5 d6 4. Nf3 Nxe4 5. d4 d5 6. Bd3 Be7 7. O-O Nc6 8. Nbd2 Nxd2 9. Bxd2 Bg4 10. c3 Qd7 {C42: Petroff Defence: 3 Nxe5 and unusual White 3rd moves} (10... O-O 11. h3 Bh5 12. g3 Qd7 13. Kg2 Rfe8 14. Qc2 Bg6 15. Bxg6 hxg6 16. Rfe1 b6 17. Bf4 Bd6 18. Bxd6 Qxd6 19. Re2 Re7 20. Rxe7 Nxe7 21. Re1 f6 22. h4 Qd7 23. Ng1 {½-½ (23) Bacrot,E (2715)-Bu,X (2710) Tbilisi 2017}) 11. Bf4 g5 12. Bd2 f6 $146 {White is slightly better.} ({Predecessor:} 12... O-O-O 13. Qc2 Kb8 14. Ne5 Nxe5 15. dxe5 h5 16. Be3 c5 17. f3 Be6 18. Rad1 {½-½ (47) Korte,M (2220)-Kandic,M Werther 1997}) 13. a4 Bd6 14. Re1+ Ne7 15. h3 (15. c4 {with more complications.} dxc4 16. Bxc4 O-O-O 17. Qb3 Kb8 18. a5) 15... Bf5 $1 {[%cal Rf5d3]} 16. Bxf5 Qxf5 17. Qe2 O-O-O 18. b3 Rhe8 19. Qe6+ Qxe6 20. Rxe6 Ng8 21. Rae1 Rxe6 22. Rxe6 Kd7 23. Re1 Ne7 24. c4 c6 25. g4 Rh8 26. Kg2 h5 27. c5 Bc7 28. b4 Ng6 29. Be3 a6 30. Rb1 hxg4 31. hxg4 {The position is equal.} Nh4+ 32. Nxh4 Rxh4 33. Kf3 Rh3+ 34. Ke2 Rh4 35. Kf3 Rh3+ 36. Ke2 Rh4 {Accuracy: White = 47%, Black = 55%.} 1/2-1/2

[Event "Chinese Chess League 2019"]
[Site "Shen Yang"]
[Date "2019.12.05"]
[Round "20.28"]
[White "Bai, Jinshi"]
[Black "Li, Yankai"]
[Result "1-0"]
[WhiteElo "2600"]
[BlackElo "2432"]
[Annotator "TA"]
[PlyCount "85"]
[EventDate "2019.04.09"]
[EventType "team-tourn"]
[EventCountry "CHN"]
[SourceTitle "playchess.com"]
[Source "ChessBase"]
[SourceQuality "1"]

{[%evp 12,85,14,8,16,16,17,4,3,0,7,6,10,6,16,16,47,38,46,20,14,24,44,36,46,45,52,53,50,42,55,38,45,47,60,49,87,62,76,72,75,84,82,59,92,49,108,103,97,91,91,97,92,92,123,105,125,139,143,141,437,420,402,395,371,354,291,267,704,701,681,648,752,725,597,530]} 1. d4 Nf6 ({Predecessor:} 1... d5 2. c4 e6 3. Nc3 Nf6 {½-½ (26) Pert,N (2569)-Hawkins,J (2563) London 2015}) 2. c4 e6 3. Nf3 d5 4. Nc3 Be7 5. Bf4 O-O 6. e3 Nbd7 7. Be2 dxc4 {D37: Queen's Gambit Declined: 5 Bf4} 8. O-O a6 $146 (8... c5 9. dxc5 Nxc5 10. Bxc4 Qxd1 11. Rfxd1 b6 12. Bd6 Bxd6 13. Rxd6 Bb7 14. Rad1 Bxf3 15. gxf3 Rfc8 16. Be2 g5 17. R6d4 Kf8 18. f4 gxf4 19. Rxf4 {1-0 (67) Ding,L (2811)-Firouzja,A (2702) Khanty-Mansiysk 2019}) 9. a4 c5 {The position is equal.} 10. d5 exd5 11. Nxd5 Nxd5 12. Qxd5 Nf6 $1 {[%cal Rf6d5]} 13. Qe5 Ng4 14. Qc3 Be6 15. Bxc4 Bxc4 16. Qxc4 Nf6 17. Ne5 Qb6 18. a5 Qe6 19. Qxe6 fxe6 20. Nc4 Nd5 21. Bg3 Rad8 22. Rfd1 g5 23. f3 h6 24. h3 Nb4 25. Bc7 Rxd1+ 26. Rxd1 Nd5 27. Bb6 h5 28. Kf2 Nxb6 (28... g4 $14) 29. axb6 $16 {[#] Black must now prevent Rd7.} Rd8 30. Rxd8+ Bxd8 {[%mdl 4096] Endgame KB-KN} 31. Nd6 Bxb6 32. Nxb7 Kf7 {With the idea ...Ke7.} 33. Nd6+ Kf6 34. g4 hxg4 35. hxg4 Kg6 $2 {[%mdl 8192]} (35... Bd8 $16 {was called for.} 36. Ne4+ Ke5) 36. Ke2 $18 Bc7 37. Nc4 Kf6 38. Kd3 Ke7 {[#]} 39. Nd2 $1 Be5 $2 (39... Kd6 40. Ne4+ Kd5) 40. b3 {White is clearly winning.} Kd7 41. Ne4 Kc6 42. Kc4 Bb2 43. Nxc5 {Accuracy: White = 85%, Black = 52%.} 1-0